Statistics for 1996 College Football AP Poll

Click here to take the quiz!

General Stats

  • This quiz has been taken 11 times
  • The average score is 390 of 450

Answer Stats

WeekRankTeamWLConference% Correct
Preseason1Nebraska00Big 12
100%
Week 5 (9/23)9Tennessee21SEC
100%
Week 13 (11/18)9Tennessee72SEC
100%
Week 13 (11/18)5Nebraska91Big 12
100%
Week 13 (11/18)2Ohio State100Big Ten
100%
Week 5 (9/23)4Ohio State20Big Ten
100%
Week 5 (9/23)5Notre Dame30Independent
100%
Week 5 (9/23)7Michigan30Big Ten
100%
Week 5 (9/23)8Nebraska11Big 12
100%
Week 12 (11/11)16Michigan72Big Ten
100%
Week 4 (9/16)15USC21Pacific-10
100%
Week 5 (9/23)13Texas21Big 12
100%
Week 5 (9/23)14Alabama40SEC
100%
Week 5 (9/23)15USC31Pacific-10
100%
Week 12 (11/11)14Notre Dame62Independent
100%
Week 12 (11/11)12Tennessee62SEC
100%
Week 12 (11/11)8Alabama81SEC
100%
Week 12 (11/11)5Nebraska81Big 12
100%
Week 13 (11/18)10Notre Dame72Independent
100%
Week 13 (11/18)15Alabama82SEC
100%
Week 6 (9/30)3Ohio State30Big Ten
100%
Week 14 (11/25)6Ohio State101Big Ten
100%
Week 3 (9/9)9Notre Dame10Independent
100%
Week 3 (9/9)11Michigan10Big Ten
100%
Week 3 (9/9)13Alabama20SEC
100%
Week 14 (11/25)15Alabama92SEC
100%
Week 3 (9/9)16USC11Pacific-10
100%
Week 14 (11/25)10Notre Dame82Independent
100%
Week 14 (11/25)9Tennessee82SEC
100%
Week 14 (11/25)4Nebraska91Big 12
100%
Week 4 (9/16)13Alabama30SEC
100%
Week 4 (9/16)1Nebraska10Big 12
100%
Week 4 (9/16)2Tennessee20SEC
100%
Week 13 (11/18)21Michigan73Big Ten
100%
Week 4 (9/16)6Texas20Big 12
100%
Week 4 (9/16)7Ohio State10Big Ten
100%
Week 4 (9/16)8Michigan20Big Ten
100%
Week 4 (9/16)9Notre Dame20Independent
100%
Week 12 (11/11)2Ohio State90Big Ten
100%
Week 6 (9/30)6Michigan40Big Ten
100%
Week 3 (9/9)7Texas20Big 12
100%
Week 8 (10/14)7Alabama60SEC
100%
Week 10 (10/28)6Tennessee51SEC
100%
Week 10 (10/28)5Nebraska61Big 12
100%
Week 10 (10/28)2Ohio State70Big Ten
100%
Week 7 (10/7)25Texas32Big 12
100%
Week 8 (10/14)2Ohio State50Big Ten
100%
Week 8 (10/14)5Nebraska41Big 12
100%
Week 8 (10/14)6Tennessee41SEC
100%
Week 8 (10/14)8Notre Dame41Independent
100%
Week 10 (10/28)10Alabama71SEC
100%
Week 9 (10/21)19Notre Dame42Independent
100%
Week 8 (10/14)13Michigan41Big Ten
100%
Week 9 (10/21)10Michigan51Big Ten
100%
Week 9 (10/21)7Alabama70SEC
100%
Week 9 (10/21)6Tennessee41SEC
100%
Week 9 (10/21)5Nebraska51Big 12
100%
Week 9 (10/21)2Ohio State60Big Ten
100%
Week 10 (10/28)9Michigan61Big Ten
100%
Week 7 (10/7)14Michigan41Big Ten
100%
Week 6 (9/30)7Nebraska21Big 12
100%
Week 11 (11/4)6Tennessee61SEC
100%
Week 6 (9/30)9Tennessee21SEC
100%
Week 6 (9/30)11Notre Dame31Independent
100%
Week 11 (11/4)17Notre Dame52Independent
100%
Week 6 (9/30)13Alabama40SEC
100%
Week 6 (9/30)17USC31Pacific-10
100%
Week 11 (11/4)10Alabama71SEC
100%
Week 11 (11/4)9Michigan71Big Ten
100%
Week 6 (9/30)23Texas22Big 12
100%
Week 7 (10/7)11Notre Dame31Independent
100%
Week 11 (11/4)5Nebraska71Big 12
100%
Week 11 (11/4)2Ohio State80Big Ten
100%
Week 7 (10/7)2Ohio State40Big Ten
100%
Week 7 (10/7)5Nebraska31Big 12
100%
Week 7 (10/7)7Tennessee31SEC
100%
Week 7 (10/7)8Alabama50SEC
100%
Week 10 (10/28)19Notre Dame42Independent
100%
Week 3 (9/9)8Ohio State10Big Ten
100%
Preseason2Tennessee00SEC
100%
Week 14 (11/25)18Michigan83Big Ten
100%
Postseason2Ohio State111Big Ten
100%
Week 2 (9/2)12Michigan10Big Ten
100%
Week 15 (12/2)16Michigan83Big Ten
100%
Week 2 (9/2)10Ohio State00Big Ten
100%
Week 15 (12/2)18Notre Dame83Independent
100%
Week 2 (9/2)8Texas10Big 12
100%
Postseason9Tennessee102SEC
100%
Week 2 (9/2)6Notre Dame00Independent
100%
Postseason6Nebraska112Big 12
100%
Week 2 (9/2)2Tennessee10SEC
100%
Week 2 (9/2)1Nebraska00Big 12
100%
Week 16 (12/9)4Ohio State101Big Ten
100%
Week 16 (12/9)6Nebraska102Big 12
100%
Preseason14Michigan00Big Ten
100%
Week 1 (8/26)1Nebraska00Big 12
100%
Week 1 (8/26)2Tennessee00SEC
100%
Week 16 (12/9)9Tennessee92SEC
100%
Week 1 (8/26)17USC01Pacific-10
100%
Week 1 (8/26)6Notre Dame00Independent
100%
Week 16 (12/9)20Texas84Big 12
100%
Week 1 (8/26)8Texas00Big 12
100%
Week 16 (12/9)15Michigan83Big Ten
100%
Week 1 (8/26)9Ohio State00Big Ten
100%
Week 1 (8/26)13Alabama00SEC
100%
Week 1 (8/26)12Michigan00Big Ten
100%
Week 16 (12/9)16Alabama93SEC
100%
Preseason15Alabama00SEC
100%
Postseason11Alabama103SEC
100%
Week 16 (12/9)18Notre Dame83Independent
100%
Week 3 (9/9)1Nebraska10Big 12
100%
Week 15 (12/2)5Ohio State101Big Ten
100%
Preseason7USC00Pacific-10
100%
Preseason9Ohio State00Big Ten
100%
Postseason20Michigan84Big Ten
100%
Preseason6Notre Dame00Independent
100%
Preseason8Texas00Big 12
100%
Week 15 (12/2)9Tennessee92SEC
100%
Week 15 (12/2)3Nebraska101Big 12
100%
Week 2 (9/2)19USC01Pacific-10
100%
Week 15 (12/2)11Alabama92SEC
100%
Postseason19Notre Dame83Independent
100%
Week 3 (9/9)2Tennessee20SEC
100%
Postseason23Texas85Big 12
100%
Week 2 (9/2)14Alabama10SEC
100%
Week 11 (11/4)12BYU91WAC
89%
Week 10 (10/28)25Iowa52Big Ten
89%
Week 11 (11/4)1Florida70SEC
89%
Postseason24Auburn84SEC
89%
Postseason1Florida121SEC
89%
Week 9 (10/21)3Florida State50ACC
89%
Week 16 (12/9)23Syracuse83Big East
89%
Week 11 (11/4)3Florida State70ACC
89%
Postseason21Syracuse93Big East
89%
Week 9 (10/21)8Colorado51Big 12
89%
Week 16 (12/9)21Iowa83Big Ten
89%
Week 11 (11/4)13Kansas State81Big 12
89%
Week 11 (11/4)7Colorado71Big 12
89%
Week 9 (10/21)14Virginia51ACC
89%
Week 9 (10/21)22Auburn52SEC
89%
Week 10 (10/28)24Auburn52SEC
89%
Postseason8Colorado102Big 12
89%
Week 9 (10/21)20Iowa51Big Ten
89%
Postseason17Kansas State93Big 12
89%
Week 10 (10/28)1Florida70SEC
89%
Postseason16Washington93Pacific-10
89%
Postseason18Iowa93Big Ten
89%
Week 10 (10/28)3Florida State60ACC
89%
Postseason13Virginia Tech102Big East
89%
Week 11 (11/4)14Penn State82Big Ten
89%
Week 10 (10/28)7Colorado61Big 12
89%
Week 10 (10/28)13BYU81WAC
89%
Week 9 (10/21)15BYU71WAC
89%
Week 10 (10/28)14Kansas State71Big 12
89%
Postseason7Penn State112Big Ten
89%
Week 10 (10/28)15Penn State72Big Ten
89%
Week 10 (10/28)16Virginia52ACC
89%
Week 9 (10/21)17Penn State62Big Ten
89%
Postseason5BYU141WAC
89%
Week 10 (10/28)21Washington52Pacific-10
89%
Week 9 (10/21)23Washington42Pacific-10
89%
Week 9 (10/21)16Kansas State61Big 12
89%
Postseason3Florida State111ACC
89%
Week 11 (11/4)25Virginia Tech61Big East
89%
Week 11 (11/4)15Virginia62ACC
89%
Week 14 (11/25)2Florida State100ACC
89%
Week 13 (11/18)8BYU111WAC
89%
Week 13 (11/18)12Washington82Pacific-10
89%
Week 13 (11/18)14Kansas State82Big 12
89%
Week 8 (10/14)25Washington32Pacific-10
89%
Week 13 (11/18)17Virginia Tech81Big East
89%
Week 13 (11/18)19Virginia73ACC
89%
Week 15 (12/2)15Virginia Tech92Big East
89%
Week 15 (12/2)14Kansas State92Big 12
89%
Week 15 (12/2)12Washington92Pacific-10
89%
Week 13 (11/18)24Iowa73Big Ten
89%
Week 14 (11/25)1Florida100SEC
89%
Week 15 (12/2)8Penn State102Big Ten
89%
Week 13 (11/18)6Colorado91Big 12
89%
Week 14 (11/25)5Colorado91Big 12
89%
Week 15 (12/2)7Colorado92Big 12
89%
Week 14 (11/25)7BYU121WAC
89%
Week 14 (11/25)8Penn State102Big Ten
89%
Week 15 (12/2)6BYU121WAC
89%
Week 14 (11/25)12Washington92Pacific-10
89%
Week 15 (12/2)4Florida101SEC
89%
Week 14 (11/25)14Kansas State92Big 12
89%
Week 14 (11/25)16Syracuse82Big East
89%
Week 14 (11/25)17Virginia Tech91Big East
89%
Week 15 (12/2)1Florida State110ACC
89%
Week 14 (11/25)22Iowa83Big Ten
89%
Week 13 (11/18)7Penn State92Big Ten
89%
Week 15 (12/2)21Iowa83Big Ten
89%
Week 11 (11/4)19Washington62Pacific-10
89%
Week 12 (11/11)11Penn State82Big Ten
89%
Week 11 (11/4)22Auburn62SEC
89%
Week 16 (12/9)14Kansas State92Big 12
89%
Week 11 (11/4)23Iowa62Big Ten
89%
Week 11 (11/4)24Syracuse52Big East
89%
Week 16 (12/9)13Washington92Pacific-10
89%
Week 14 (11/25)20Virginia73ACC
89%
Week 12 (11/11)1Florida90SEC
89%
Week 12 (11/11)3Florida State80ACC
89%
Week 16 (12/9)10Virginia Tech101Big East
89%
Week 12 (11/11)6Colorado81Big 12
89%
Week 12 (11/11)9Kansas State81Big 12
89%
Week 12 (11/11)10BYU101WAC
89%
Week 16 (12/9)8Colorado92Big 12
89%
Week 13 (11/18)3Florida State90ACC
89%
Week 16 (12/9)7Penn State102Big Ten
89%
Week 16 (12/9)5BYU131WAC
89%
Week 12 (11/11)15Washington72Pacific-10
89%
Week 16 (12/9)3Florida111SEC
89%
Week 12 (11/11)19Syracuse62Big East
89%
Week 16 (12/9)1Florida State110ACC
89%
Week 12 (11/11)20Auburn72SEC
89%
Week 15 (12/2)25Virginia74ACC
89%
Week 15 (12/2)22Syracuse83Big East
89%
Week 12 (11/11)21Virginia Tech71Big East
89%
Week 12 (11/11)24Virginia63ACC
89%
Week 13 (11/18)1Florida100SEC
89%
Week 13 (11/18)16Syracuse72Big East
89%
Week 9 (10/21)1Florida70SEC
89%
Week 4 (9/16)3Florida State10ACC
89%
Week 6 (9/30)4Penn State50Big Ten
89%
Week 5 (9/23)18Virginia Tech30Big East
89%
Week 5 (9/23)19Virginia30ACC
89%
Week 5 (9/23)20Kansas20Big 12
89%
Week 5 (9/23)21Washington21Pacific-10
89%
Week 2 (9/2)23Virginia00ACC
89%
Week 5 (9/23)22Auburn31SEC
89%
Week 2 (9/2)22Iowa00Big Ten
89%
Week 2 (9/2)21Kansas State10Big 12
89%
Week 5 (9/23)24BYU31WAC
89%
Week 6 (9/30)1Florida40SEC
89%
Week 6 (9/30)2Florida State30ACC
89%
Week 2 (9/2)18Auburn10SEC
89%
Week 5 (9/23)16Kansas State40Big 12
89%
Week 2 (9/2)16BYU20WAC
89%
Week 6 (9/30)10Colorado31Big 12
89%
Week 2 (9/2)15Virginia Tech00Big East
89%
Week 6 (9/30)12Virginia40ACC
89%
Week 2 (9/2)9Syracuse00Big East
89%
Week 6 (9/30)16Kansas State40Big 12
89%
Week 6 (9/30)18Washington21Pacific-10
89%
Week 4 (9/16)4Florida20SEC
89%
Week 2 (9/2)5Colorado10Big 12
89%
Week 6 (9/30)20Auburn31SEC
89%
Week 2 (9/2)4Florida10SEC
89%
Week 2 (9/2)25Texas A&M01Big 12
89%
Week 5 (9/23)12Colorado21Big 12
89%
Week 2 (9/2)3Florida State00ACC
89%
Week 4 (9/16)20Virginia20ACC
89%
Week 4 (9/16)5Penn State30Big Ten
89%
Week 3 (9/9)25Texas A&M01Big 12
89%
Week 3 (9/9)24Kansas10Big 12
89%
Week 3 (9/9)23Syracuse01Big East
89%
Week 4 (9/16)12Colorado21Big 12
89%
Week 4 (9/16)13Auburn30SEC
89%
Week 4 (9/16)16Kansas State30Big 12
89%
Week 3 (9/9)22Virginia10ACC
89%
Week 3 (9/9)21Iowa10Big Ten
89%
Week 4 (9/16)18Virginia Tech20Big East
89%
Week 4 (9/16)19Iowa20Big Ten
89%
Week 3 (9/9)19Virginia Tech10Big East
89%
Week 3 (9/9)3Florida State10ACC
89%
Week 4 (9/16)22Kansas20Big 12
89%
Week 4 (9/16)23Syracuse01Big East
89%
Week 4 (9/16)24Washington11Pacific-10
89%
Week 5 (9/23)1Florida30SEC
89%
Week 3 (9/9)17Kansas State20Big 12
89%
Week 5 (9/23)2Florida State20ACC
89%
Week 3 (9/9)15Auburn20SEC
89%
Week 3 (9/9)14BYU20WAC
89%
Week 5 (9/23)3Penn State40Big Ten
89%
Week 3 (9/9)6Penn State20Big Ten
89%
Week 3 (9/9)5Colorado20Big 12
89%
Week 3 (9/9)4Florida20SEC
89%
Week 6 (9/30)21BYU41WAC
89%
Week 2 (9/2)7Penn State10Big Ten
89%
Week 7 (10/7)22Kansas State41Big 12
89%
Preseason24Kansas00Big 12
89%
Week 7 (10/7)18Auburn41SEC
89%
Week 1 (8/26)5Colorado00Big 12
89%
Week 7 (10/7)19BYU51WAC
89%
Week 7 (10/7)20Virginia41ACC
89%
Week 1 (8/26)4Florida00SEC
89%
Week 1 (8/26)3Florida State00ACC
89%
Week 1 (8/26)25Kansas00Big 12
89%
Preseason13Texas A&M00Big 12
89%
Preseason16Virginia Tech00Big East
89%
Week 1 (8/26)10Syracuse00Big East
89%
Preseason23Virginia00ACC
89%
Week 8 (10/14)1Florida60SEC
89%
Week 8 (10/14)3Florida State50ACC
89%
Preseason22Iowa00Big Ten
89%
Preseason21Kansas State00Big 12
89%
Week 8 (10/14)9Colorado41Big 12
89%
Preseason17Auburn00SEC
89%
Week 8 (10/14)10Penn State61Big Ten
89%
Week 1 (8/26)7Penn State10Big Ten
89%
Preseason11Penn State00Big Ten
89%
Week 7 (10/7)16Washington31Pacific-10
89%
Week 7 (10/7)9Colorado31Big 12
89%
Week 1 (8/26)24Virginia00ACC
89%
Week 7 (10/7)1Florida50SEC
89%
Week 7 (10/7)3Florida State40ACC
89%
Week 1 (8/26)23Texas A&M01Big 12
89%
Week 1 (8/26)22Iowa00Big Ten
89%
Week 1 (8/26)21Kansas State00Big 12
89%
Preseason3Florida State00ACC
89%
Week 8 (10/14)21Kansas State51Big 12
89%
Week 1 (8/26)19BYU10WAC
89%
Week 7 (10/7)10Penn State51Big Ten
89%
Week 8 (10/14)20Virginia41ACC
89%
Preseason4Florida00SEC
89%
Preseason5Colorado00Big 12
89%
Week 8 (10/14)18BYU61WAC
89%
Week 1 (8/26)16Auburn00SEC
89%
Preseason10Syracuse00Big East
89%
Week 1 (8/26)14Virginia Tech00Big East
89%
Week 8 (10/14)16Auburn51SEC
89%
Preseason18Northwestern00Big Ten
78%
Week 3 (9/9)20LSU10SEC
78%
Week 14 (11/25)3Arizona State110Pacific-10
78%
Postseason15Northwestern93Big Ten
78%
Postseason12LSU102SEC
78%
Week 16 (12/9)2Arizona State110Pacific-10
78%
Week 3 (9/9)18Arizona State10Pacific-10
78%
Week 1 (8/26)15Northwestern00Big Ten
78%
Week 1 (8/26)20Arizona State00Pacific-10
78%
Week 15 (12/2)17LSU92SEC
78%
Week 2 (9/2)13Northwestern00Big Ten
78%
Week 1 (8/26)18LSU00SEC
78%
Week 2 (9/2)17LSU00SEC
78%
Week 15 (12/2)10Northwestern92Big Ten
78%
Week 16 (12/9)11Northwestern92Big Ten
78%
Week 2 (9/2)20Arizona State00Pacific-10
78%
Preseason19LSU00SEC
78%
Week 16 (12/9)17LSU92SEC
78%
Week 15 (12/2)2Arizona State110Pacific-10
78%
Preseason25Clemson00ACC
78%
Postseason4Arizona State111Pacific-10
78%
Week 14 (11/25)19LSU82SEC
78%
Preseason20Arizona State00Pacific-10
78%
Week 14 (11/25)11Northwestern92Big Ten
78%
Week 8 (10/14)24Utah51WAC
78%
Week 4 (9/16)17Arizona State20Pacific-10
78%
Week 9 (10/21)21Utah61WAC
78%
Week 12 (11/11)13Northwestern82Big Ten
78%
Week 8 (10/14)14Northwestern51Big Ten
78%
Week 7 (10/7)15Northwestern41Big Ten
78%
Week 12 (11/11)17LSU62SEC
78%
Week 10 (10/28)12LSU61SEC
78%
Week 11 (11/4)11LSU71SEC
78%
Week 8 (10/14)4Arizona State60Pacific-10
78%
Week 5 (9/23)17LSU20SEC
78%
Week 5 (9/23)6Arizona State30Pacific-10
78%
Week 10 (10/28)20Utah71WAC
78%
Week 10 (10/28)11Northwestern71Big Ten
78%
Week 12 (11/11)4Arizona State100Pacific-10
78%
Week 5 (9/23)25Northwestern21Big Ten
78%
Week 6 (9/30)5Arizona State40Pacific-10
78%
Week 10 (10/28)4Arizona State80Pacific-10
78%
Week 6 (9/30)14LSU30SEC
78%
Week 11 (11/4)18Northwestern72Big Ten
78%
Week 9 (10/21)13LSU51SEC
78%
Week 13 (11/18)11Northwestern92Big Ten
78%
Week 9 (10/21)4Arizona State70Pacific-10
78%
Week 9 (10/21)11Northwestern61Big Ten
78%
Week 6 (9/30)24Utah41WAC
78%
Week 11 (11/4)4Arizona State90Pacific-10
78%
Week 13 (11/18)22Clemson73ACC
78%
Week 7 (10/7)12LSU40SEC
78%
Week 4 (9/16)25Oregon30Pacific-10
78%
Week 13 (11/18)4Arizona State100Pacific-10
78%
Week 4 (9/16)21LSU10SEC
78%
Week 6 (9/30)22Northwestern31Big Ten
78%
Week 8 (10/14)17LSU41SEC
78%
Week 7 (10/7)4Arizona State50Pacific-10
78%
Week 13 (11/18)18LSU72SEC
78%
Week 10 (10/28)17Wyoming80WAC
67%
Week 7 (10/7)17West Virginia60Big East
67%
Week 7 (10/7)13North Carolina41ACC
67%
Week 16 (12/9)12North Carolina92ACC
67%
Week 16 (12/9)19Miami83Big East
67%
Week 1 (8/26)11Miami00Big East
67%
Week 10 (10/28)8North Carolina61ACC
67%
Week 13 (11/18)23West Virginia82Big East
67%
Week 16 (12/9)22Wyoming102WAC
67%
Postseason14Miami93Big East
67%
Week 8 (10/14)22Georgia Tech41ACC
67%
Postseason22Wyoming102WAC
67%
Week 8 (10/14)19California50Pacific-10
67%
Week 9 (10/21)9North Carolina51ACC
67%
Preseason12Miami00Big East
67%
Week 8 (10/14)15West Virginia60Big East
67%
Week 9 (10/21)12West Virginia70Big East
67%
Week 8 (10/14)12Miami41Big East
67%
Week 7 (10/7)21California50Pacific-10
67%
Postseason10North Carolina102ACC
67%
Week 8 (10/14)11North Carolina51ACC
67%
Week 9 (10/21)18Wyoming80WAC
67%
Week 9 (10/21)25Miami42Big East
67%
Week 7 (10/7)24Wyoming60WAC
67%
Week 7 (10/7)23Georgia Tech41ACC
67%
Week 16 (12/9)25West Virginia83Big East
67%
Week 10 (10/28)18West Virginia71Big East
67%
Week 11 (11/4)8North Carolina71ACC
67%
Week 10 (10/28)22Miami52Big East
67%
Week 6 (9/30)8Miami40Big East
67%
Week 3 (9/9)12North Carolina20ACC
67%
Week 3 (9/9)10Miami20Big East
67%
Week 5 (9/23)10Miami30Big East
67%
Week 12 (11/11)18Miami62Big East
67%
Week 14 (11/25)21Wyoming101WAC
67%
Week 14 (11/25)23Miami73Big East
67%
Week 8 (10/14)23Wyoming70WAC
67%
Week 14 (11/25)25West Virginia83Big East
67%
Week 5 (9/23)11North Carolina30ACC
67%
Week 2 (9/2)24North Carolina10ACC
67%
Week 13 (11/18)13North Carolina82ACC
67%
Week 12 (11/11)6North Carolina81ACC
67%
Week 5 (9/23)23West Virginia40Big East
67%
Week 11 (11/4)21Miami62Big East
67%
Week 12 (11/11)23Wyoming91WAC
67%
Week 4 (9/16)11North Carolina20ACC
67%
Week 4 (9/16)10Miami30Big East
67%
Week 15 (12/2)13North Carolina92ACC
67%
Week 11 (11/4)16Wyoming90WAC
67%
Week 2 (9/2)11Miami10Big East
67%
Week 6 (9/30)15North Carolina31ACC
67%
Week 15 (12/2)19Miami83Big East
67%
Week 15 (12/2)20Wyoming101WAC
67%
Week 6 (9/30)19West Virginia50Big East
67%
Week 13 (11/18)20Wyoming101WAC
67%
Week 15 (12/2)24West Virginia83Big East
67%
Week 13 (11/18)25Miami63Big East
67%
Week 6 (9/30)25Wyoming50WAC
67%
Week 7 (10/7)6Miami40Big East
67%
Week 14 (11/25)13North Carolina92ACC
67%
Postseason25Army102Independent
56%
Week 12 (11/11)22Army90Independent
56%
Week 14 (11/25)24Army91Independent
56%
Week 16 (12/9)24Army101Independent
56%
Week 15 (12/2)23Army91Independent
56%
Week 12 (11/11)25Southern Miss82C-USA
22%
Week 10 (10/28)23Southern Miss71C-USA
22%
Week 11 (11/4)20Southern Miss82C-USA
22%
Week 9 (10/21)24Southern Miss61C-USA
22%

Score Distribution

Percentile by Number Answered

Percent of People with Each Score

Your Score History

You have not taken this quiz